000 00356nam a2200121Ia 4500
008 220217s9999 xx 000 0 und d
245 0 _aRaw natural rubber- Rubber smoked sheets (RSS)- Guidelines
260 _aNew Delhi
260 _c2003
_bBureau of Indian standards
500 _aStandard number: IS 15361
650 _aRubber smoked sheets
942 _cST
999 _c73571
_d73571